Statistics for JetPunk comment arguments

Click here to take the quiz!

General Stats

  • This quiz has been taken 452 times
  • The average score is 10 of 12

Answer Stats

Argument / CommentHint/s% Correct
The country {Russia} belongs to Asia/Europe.large country; most of its citizens on the European side
95%
The (UK-)"country" {Wales} is missing in the Countries of the World Quiz.1 of 4 "countries" of the UK
93%
The country {Turkey} belong to Asia/Europe.its most populous city is in both Asia and Europe
92%
The (UK-)"country" {Scotland} is missing in the Countries of the World Quiz.1 of 4 "countries" of the UK
92%
{Australia} is a country, not a continent.it's both; some people confuse it with the region Oceania
91%
The (UK-)"country" {England} is missing in the Countries of the World Quiz.1 of 4 "countries" of the UK
90%
Where is {Greenland} in the Countries of the World Quiz?belongs to Denmark; its capital city is Nuuk
87%
The country {Cyprus} belongs to Asia/Europe.island country, part of the EU
86%
The (UK-)"country" {Northern Ireland} is missing in the Countries of the World Quiz.1 of 4 "countries" of the UK
84%
Burma is now called {Myanmar}.both names are actually accepted and used
84%
The Nile is not the longest river in the world. It's the {Amazon}.considered longest when including its adjacent estuary
78%
This quiz is waaay too America-{centric}.when a quiz contains a large number of US-related questions compared to the rest
56%

Score Distribution

Percentile by Number Answered

Percent of People with Each Score

Your Score History

You have not taken this quiz